| 000 | 01919nam0a2200349 i 4500 | ||
|---|---|---|---|
| 001 | RU\NLR\bibl\1978240 | ||
| 005 | 20260405090251.0 | ||
| 010 |
_a9785982278678 _9500 |
||
| 021 |
_aRU _b2012-91044 _96737 |
||
| 035 | _a(NLR Aleph) 001966983 | ||
| 090 |
_a3903259 _c3903259 |
||
| 100 | _a20121211d2012 u y0rusy50 ca | ||
| 101 | 0 | _arus | |
| 102 | _aRU | ||
| 105 | _ay ||||||||| | ||
| 200 | 1 |
_aОлимпиада школьников "Ломоносов" по психологии _eметодические рекомендации _fЮ.П. Зинченко, И.А. Володарская, А.А. Матюшкина, Р.С. Шилко _gМГУ им. М.В. Ломоносова, Фак. психологии |
|
| 210 |
_aМосква _cКнижный дом Университет _d2012 |
||
| 215 |
_a110, [1] с. _d21 |
||
| 300 | _aНа 111-й с. авт.: Зинченко Ю.П., чл.-кор. РАО, д.психол.н., проф., Володарская И.А., к.п.н., доц., Матюшкина А.А., Шилко Р.С., кандидаты психол. наук, доценты | ||
| 606 | 1 |
_aПсихология _jМетодические пособия _xОлимпиады школьные _92193333 _3RU\NLR\AUTH\6601553917 |
|
| 686 | 1 | _aЧ426.61-382.61я8 | |
| 701 | 1 |
_aЗинченко _bЮ. П. _gЮрий Петрович _4070 |
|
| 701 | 1 |
_4070 _8rus _7ca _aВолодарская _bИ. А. _f1938- _gИнна Андреевна _3RU\NLR\auth\7731992 _915002 |
|
| 701 | 1 |
_aМатюшкина _bА. А. _gАнна Алексеевна _4070 |
|
| 701 | 1 |
_aШилко _bР. С. _gРоман Сергеевич _4070 |
|
| 801 | 0 |
_aRU _bNLR _c20121211 _gRCR |
|
| 801 | 1 |
_aRU _bNLR _c20121211 |
|
| 942 | _cBOOK | ||
| 980 | _aNBR | ||